000 00898caa a22002417a 4500
999 _c422200
_d422200
001 133458
003 UA-OsUOA
005 20200129125019.0
007 ta
008 20181023b un ||||| |||| 00| 0 ukr d
040 _aUA-OsUOA
_bukr
_cUA-OsUOA
_dUA-OsUOA
041 _aukr
080 _a908
090 _a908
_bИ99
100 _aІльїн О.
245 _aБрестська біблія — одна з причин створення Острозької?
_cО. Ільїн
300 _aС. 30–31
650 7 _a908 Краєзнавство
_2UDC
773 0 _0308942
_9306606
_dОстрог Видавничий комплекс Університету "Острозька Академія" 2000
_o99670
_tНаукові записки
_w(UA-OsUOA) 22714
_z966-7631-03-6
942 _cBKA
_2udc
955 _a1